Capitales économiques de pays - Statistiques

Statistiques générales
  • Ce quiz a été pris 106 fois
  • Le résultat moyen est 12 sur 18
Statistiques - réponses
Pays Capitale administrative Capitale économique % Correct
Etats-Unis Washington New York
97%
Australie Canberra Sydney
96%
Canada Ottawa Toronto
81%
Allemagne Berlin Francfort
79%
Turquie Ankara Istanbul
79%
Afrique du Sud Pretoria Johannesburg
76%
Suisse Berne Zurich
76%
Maroc Rabat Casablanca
75%
Inde New-Dehli Mumbai
75%
Israël Jérusalem Tel-Aviv
75%
Côte d'Ivoire Yamoussoukro Abidjan
61%
Nigeria Abuja Lagos
60%
Nouvelle Zélande Wellington Auckland
57%
Vietnam Hanoï Hô Chi Minh - Ville
53%
Sri Lanka Sri Jayawardenapura Kotte Colombo
47%
Tanzanie Dodoma Dar-es-Salam
47%
Cameroun Yaoundé Douala
44%
Bénin Porto Novo Cotonou
40%
Aucun quiz correspondant
Distribution des résultats
% des personnes avec chaque résultat
Percentile par nombre de réponses
Votre historique - résultats
Vous n’avez pas pris ce quiz